Städte zu Ländern #1 - Statistiken

Allgemein
  • Dieses Quiz wurde 104 mal gespielt
  • Das Durchschnittsergebnis liegt bei 19 aus 27
Antwortstatistiken
Stadt Land % Korrekt
Stuttgart Deutschland
100%
Porto Portugal
98%
Kyoto Japan
96%
Montevideo Uruguay
95%
Bergen Norwegen
94%
Nikosia Zypern
93%
Luxor Ägypten
87%
Odessa Ukraine
87%
Gdansk Polen
86%
Cagliari Italien
85%
Haifa Israel
82%
Guadalajara Mexiko
78%
Dakar Senegal
75%
Darwin Australien
74%
Jakutsk Russland
74%
Brünn Tschechien
74%
Medellin Kolumbien
69%
Chennai Indien
65%
Khartum Sudan
65%
Durban Südafrika
62%
Jeddah Saudi-Arabien
55%
Saskatoon Kanada
49%
Basra Irak
44%
Kalamata Griechenland
42%
San Bernardino Vereinigte Staaten
41%
Shiras Iran
35%
Camagüey Kuba
9%
Keine übereinstimmenden Quizze gefunden
Verteilung der Resultate
Anzahl Personen mit jedem Resultat
Perzentil nach korrekt beantworteten Fragen
Ihre Resultats-Entwicklung
Sie haben dieses Quiz noch nicht gespielt